000 00546nam a2200229Ia 4500
003 OSt
005 20221007072532.0
006 a|||||r|||| 00| 0
007 ta
008 221006b |||||||| |||| 00| 0 eng d
024 _a23,842
037 _cTextual
040 _aFLL
_cFLL
_beng
041 _2eng
_aeng
082 _aZ3:4, K1
245 0 _aTorts
250 _a12th
260 _aLondon
_bSweet & Maxwell Limited UK
_c1961
300 _aclxxvi,1094p
_ccm.
942 _hZ3:4, K1
_cTEXL
_2CC
999 _c1146345
_d1146345